|
|
|
|
| LEADER |
01880nkm a2200481 a 4500 |
| 001 |
000950646 |
| 003 |
CZ BrMZK |
| 005 |
20090724083220.0 |
| 007 |
kf co |
| 008 |
090622s2009 xr nnn kncze |
| 020 |
|
|
|a 978-80-86652-42-9
|q (volné listy v obalu)
|
| 040 |
|
|
|a BOA001
|b cze
|
| 041 |
1 |
|
|a cze
|a eng
|h cze
|
| 043 |
|
|
|a e-xr---
|
| 045 |
|
|
|a y-y-
|
| 072 |
|
7 |
|a 77
|x Fotografie. Fotografické postupy
|2 Konspekt
|9 21
|
| 080 |
|
|
|a 77.04
|2 MRF
|
| 080 |
|
|
|a (437.3)
|2 MRF
|
| 080 |
|
|
|a (083.824)
|2 MRF
|
| 100 |
1 |
|
|a Havlová, Ester,
|d 1967-
|7 jn20010310034
|4 pht
|
| 245 |
1 |
0 |
|a Ester Havlová
|h [grafika] :
|b fragmenty = fragments /
|c [text Roman Koucký, Jakub Potůček, František Staněk]
|
| 246 |
3 |
0 |
|a Fragmenty - Ester Havlová
|
| 246 |
3 |
0 |
|a Fragments - Ester Havlová
|
| 250 |
|
|
|a 1. vyd.
|
| 260 |
|
|
|a Praha :
|b Titanic,
|c 2009
|
| 300 |
|
|
|a 1 sv. ([30] l.) :
|b barev. ;
|c 21 cm +
|e 1 brožura ([44] s. ; 10 x 21 cm)
|
| 500 |
|
|
|a Vydáno u příležitosti výstavy v Arcidiecézním muzeu Olomouc 18.6.-30.9.2009
|
| 500 |
|
|
|a Životopisná data a přehled výstav
|
| 500 |
|
|
|a Uloženo v papírové krabici s plastovým krytem a přebalem (26 x 26 x 2 cm)
|
| 500 |
|
|
|a 300 výt.
|
| 546 |
|
|
|a Souběžný anglický text
|
| 600 |
1 |
7 |
|a Havlová, Ester,
|d 1967-
|7 jn20010310034
|2 czenas
|
| 648 |
|
4 |
|a 2008
|
| 650 |
0 |
7 |
|a umělecká fotografie
|7 ph126879
|z Česko
|y 21. stol.
|2 czenas
|
| 655 |
|
7 |
|a katalogy výstav
|7 fd132536
|2 czenas
|
| 700 |
1 |
|
|a Koucký, Roman,
|d 1959-
|7 jn20001005287
|4 wfw
|
| 700 |
1 |
|
|a Potůček, Jakub,
|d 1975-
|7 jo2003181548
|4 wfw
|
| 700 |
1 |
|
|a Staněk, František
|7 mzk2009521610
|4 wfw
|
| 710 |
2 |
|
|a Arcidiecézní muzeum (Olomouc, Česko)
|7 kn20021021005
|
| 910 |
2 |
|
|a BOA001
|b 3-1226.116
|
| 990 |
|
|
|a GP
|
| 991 |
|
|
|b 200907
|c NOV
|
| 996 |
6 |
|
|b 2610383581
|c 3-1226.116
|l MZK
|r Sklad / do 1 hodiny
|n 0
|p p.v.
|w 001086726
|u 000010
|a 1
|e BOA001
|j MZK50
|s P
|